Recommending fertilizer application rates to farmers a case study at prateah lang village ការធ្វើអនុសាសន៏លើការប្រើប្រាស់កំរិតជីគីមីចំពោះកសិកនៅភូមិប្រទះឡាង (Record no. 343)

000 -LEADER
fixed length control field 00659nam a22001577a 4500
003 - CONTROL NUMBER IDENTIFIER
control field OSt
005 - DATE AND TIME OF LATEST TRANSACTION
control field 20150913093610.0
008 - FIXED-LENGTH DATA ELEMENTS--GENERAL INFORMATION
fixed length control field 150913b xxu||||| |||| 00| 0 eng d
040 ## - CATALOGING SOURCE
Transcribing agency RUA
082 ## - DEWEY DECIMAL CLASSIFICATION NUMBER
Classification number AGR ម៉ូត 1996 B016 Or.1
100 ## - MAIN ENTRY--PERSONAL NAME
9 (RLIN) 362
Personal name ម៉ូតសាណា
245 ## - TITLE STATEMENT
Title Recommending fertilizer application rates to farmers a case study at prateah lang village ការធ្វើអនុសាសន៏លើការប្រើប្រាស់កំរិតជីគីមីចំពោះកសិកនៅភូមិប្រទះឡាង
260 ## - PUBLICATION, DISTRIBUTION, ETC. (IMPRINT)
Place of publication, distribution, etc. Phnom Penh
Name of publisher, distributor, etc. RUA
Date of publication, distribution, etc. 1996
300 ## - PHYSICAL DESCRIPTION
Extent 70p.
Other physical details ill.
Dimensions 29cm.
942 ## - ADDED ENTRY ELEMENTS (KOHA)
Source of classification or shelving scheme
Koha item type AGR
Holdings
Price effective from Date last seen Permanent Location Not for loan Date acquired Date last checked out Source of classification or shelving scheme Koha item type Total Checkouts Barcode Lost status Damaged status Withdrawn status Current Location Full call number
2015-09-132016-10-05Library Block B 2015-09-132016-08-30 AGR1RUA005126   Library Block BAGR ម៉ូត 1996 B016 Or.1
2015-09-132015-09-13Library Block B 2015-09-13  AGR RUA004294   Library Block BAGR ម៉ូត 1996 B016 Or.2
2015-09-132015-09-13Library Block B 2015-09-13  AGR RUA004162   Library Block BAGR ម៉ូត 1996 B016 Or.3
មជ្ឈមណ្ឌលឯការនៃសាកលវិទ្យាល័យភូមិន្ទកសិកម្មចំការដូង

Powered by Koha